MESTSKÁ KNIŽNICA GIRALTOVCE  - online katalóg 

Mengele (Record no. 23580)

000 -NÁVESTIE
fixed length control field 02697cam a2200769 4500
001 - EVIDENČNÉ ČÍSLO ZÁZNAMU - Kontrolné číslo
control field vtls012081601
005 - DÁTUM A ČAS POSLEDNEJ TRANSAKCIE
control field 20240710074815.0
008 - ÚDAJE S PEVNOU DĹŽKOU – VŠEOBECNÉ INFORMÁCIE
fixed length control field 211222s2021 xo ho g hn 011 0bslo
020 ## - MEDZINÁRODNÉ ŠTANDARDNÉ ČÍSLO KNIHY (ISBN)
Medzinárodné štandardné číslo knihy (ISBN) 9788055174297
Qualifying information (viazané)
040 ## - ZDROJ KATALOGIZÁCIE
Pôvodná katalogizujúca agentúra GAGK
Jazyk katalogizácie slo
Prepisujúca agentúra GAGK
Modifikujúca agentúra SNK
Konvencie popisu rda
041 1# - KÓD JAZYKA
Kód jazyka textu/zvukovej stopy alebo samostatných nápisov slo
Kód jazyka originálu a/alebo sprostredkujúcich prekladov textu eng
044 ## - KÓD KRAJINY VYDAVATEĽA/PRODUCENTA
Kód krajiny MARC xo
Kód krajiny ISO SK
072 #7 - KÓD PREDMETOVEJ KATEGÓRIE
Kód predmetovej kategórie 343
Pododdiel kódu predmetovej kategórie Trestné právo
Zdroj konspekt
072 #7 - KÓD PREDMETOVEJ KATEGÓRIE
Kód predmetovej kategórie 929
Pododdiel kódu predmetovej kategórie Biografie
Zdroj konspekt
080 ## - ČÍSLO MEDZINÁRODNÉHO DESATINNÉHO TRIEDENIA (MDT)
Číslo Medzinárodného desatinného triedenia (MDT) 616-051
Identifikátor vydania 2011
080 ## - ČÍSLO MEDZINÁRODNÉHO DESATINNÉHO TRIEDENIA (MDT)
Číslo Medzinárodného desatinného triedenia (MDT) 329.17-051
Identifikátor vydania 2011
080 ## - ČÍSLO MEDZINÁRODNÉHO DESATINNÉHO TRIEDENIA (MDT)
Číslo Medzinárodného desatinného triedenia (MDT) 341.322.5-051
Identifikátor vydania 2011
080 ## - ČÍSLO MEDZINÁRODNÉHO DESATINNÉHO TRIEDENIA (MDT)
Číslo Medzinárodného desatinného triedenia (MDT) 616-092.4/.9
Identifikátor vydania 2011
080 ## - ČÍSLO MEDZINÁRODNÉHO DESATINNÉHO TRIEDENIA (MDT)
Číslo Medzinárodného desatinného triedenia (MDT) 323.28:329.17
Identifikátor vydania 2011
080 ## - ČÍSLO MEDZINÁRODNÉHO DESATINNÉHO TRIEDENIA (MDT)
Číslo Medzinárodného desatinného triedenia (MDT) 343.412
Identifikátor vydania 2011
080 ## - ČÍSLO MEDZINÁRODNÉHO DESATINNÉHO TRIEDENIA (MDT)
Číslo Medzinárodného desatinného triedenia (MDT) 341.49:341.322.5
Identifikátor vydania 2011
080 ## - ČÍSLO MEDZINÁRODNÉHO DESATINNÉHO TRIEDENIA (MDT)
Číslo Medzinárodného desatinného triedenia (MDT) (430)
Identifikátor vydania 2011
080 ## - ČÍSLO MEDZINÁRODNÉHO DESATINNÉHO TRIEDENIA (MDT)
Číslo Medzinárodného desatinného triedenia (MDT) (8)
Identifikátor vydania 2011
080 ## - ČÍSLO MEDZINÁRODNÉHO DESATINNÉHO TRIEDENIA (MDT)
Číslo Medzinárodného desatinného triedenia (MDT) (092)
Identifikátor vydania 2011
080 ## - ČÍSLO MEDZINÁRODNÉHO DESATINNÉHO TRIEDENIA (MDT)
Číslo Medzinárodného desatinného triedenia (MDT) 929
Identifikátor vydania 2011
100 1# - OSOBNÉ MENÁ – VŠEOBECNÉ INFORMÁCIE
Osobné meno Marwell, David G.,
Dátumy súvisiace s menom 1951-
Kód roly aut
-- 3918
240 10 - UNIFIKOVANÝ NÁZOV
Unifikovaný názov Mengele Unmasking the "Angel of Death"
Jazyk diela Slovensky
245 10 - NÁZOV
Názov Mengele
Zvyšok názvu pravá tvár Anjela smrti
Údaj o zodpovednosti atď. David G. Marwell ; preložila Eva Budjačová
264 #1 - VYDAVATEĽSKÉ ÚDAJE, DISTRIBÚCIA ATĎ. - RDA
Miesto publikovania, distribúcie atď. Bratislava
Názov vydavateľa, distibútora atď. Ikar
Dátum publikovania, distribúcie atď. 2021
300 ## - FYZICKÝ POPIS
Rozsah 406 strán, 8 nečíslovaných strán fotografických príloh
Ďalšie fyzické detaily faksimile, fotografie
Rozmery 24 cm
336 ## - TYP OBSAHU
Typ obsahu - termín text
Typ obsahu - kód txt
Zdroj rdacontent
337 ## - TYP MÉDIA
Typ média - termín bez média
Typ média - kód n
Zdroj rdamedia
338 ## - TYP NOSIČA
Typ nosiča - termín zväzok
Typ nosiča - kód nc
Zdroj rdacarrier
500 ## - VŠEOBECNÁ POZNÁMKA
Formátovaná poznámka o obsahu Preložené z angličtiny
500 ## - VŠEOBECNÁ POZNÁMKA
Formátovaná poznámka o obsahu Obsahuje stručné profesijné údaje o autorovi
500 ## - VŠEOBECNÁ POZNÁMKA
Formátovaná poznámka o obsahu Obsahuje poznámky pod čiarou
600 17 - PRIDANÝ VSTUP – PREDMET – OSOBNÉ MENO
Osobné meno Mengele, Josef,
Dátumy súvisiace s menom 1911-1979
Zdroj hesla alebo termínu SNKMA
-- 2162
610 27 - PRIDANÝ VSTUP – PREDMET – KORPORATÍVNE MENO
Korporatívne meno alebo meno jurisdikcie ako vstupný prvok Osvienčim (koncentračný tábor)
Zdroj hesla alebo termínu SNKKA
-- 2168
648 #7 - PRIDANÝ VSTUP – PREDMET – CHRONOLOGICKÝ TERMÍN
Chronologický termín 20. storočie
Zdroj hesla alebo termínu SNKPH
-- 2073
648 #7 - PRIDANÝ VSTUP – PREDMET – CHRONOLOGICKÝ TERMÍN
Chronologický termín 20th century
Zdroj hesla alebo termínu SNKPHeng
-- 2074
650 07 - PRIDANÝ VSTUP – PREDMET – TEMATICKÉ HESLO
Tematické heslo alebo geografický názov ako vstupný prvok lekári
Zdroj hesla alebo termínu SNKPH
-- 3919
650 07 - PRIDANÝ VSTUP – PREDMET – TEMATICKÉ HESLO
Tematické heslo alebo geografický názov ako vstupný prvok nacisti
Zdroj hesla alebo termínu SNKPH
-- 3354
650 07 - PRIDANÝ VSTUP – PREDMET – TEMATICKÉ HESLO
Tematické heslo alebo geografický názov ako vstupný prvok vojnoví zločinci
Zdroj hesla alebo termínu SNKPH
-- 3920
650 07 - PRIDANÝ VSTUP – PREDMET – TEMATICKÉ HESLO
Tematické heslo alebo geografický názov ako vstupný prvok pokusy na ľuďoch
Zdroj hesla alebo termínu SNKPH
-- 3921
650 07 - PRIDANÝ VSTUP – PREDMET – TEMATICKÉ HESLO
Tematické heslo alebo geografický názov ako vstupný prvok nacistické zločiny
Zdroj hesla alebo termínu SNKPH
-- 2558
650 07 - PRIDANÝ VSTUP – PREDMET – TEMATICKÉ HESLO
Tematické heslo alebo geografický názov ako vstupný prvok zločiny proti ľudskosti
Zdroj hesla alebo termínu SNKPH
-- 3922
650 07 - PRIDANÝ VSTUP – PREDMET – TEMATICKÉ HESLO
Tematické heslo alebo geografický názov ako vstupný prvok stíhanie vojnových zločinov
Zdroj hesla alebo termínu SNKPH
-- 3923
650 07 - PRIDANÝ VSTUP – PREDMET – TEMATICKÉ HESLO
Tematické heslo alebo geografický názov ako vstupný prvok Physicians
Zdroj hesla alebo termínu SNKPHeng
-- 3924
650 07 - PRIDANÝ VSTUP – PREDMET – TEMATICKÉ HESLO
Tematické heslo alebo geografický názov ako vstupný prvok Nazis
Zdroj hesla alebo termínu SNKPHeng
-- 3356
650 07 - PRIDANÝ VSTUP – PREDMET – TEMATICKÉ HESLO
Tematické heslo alebo geografický názov ako vstupný prvok War criminals
Zdroj hesla alebo termínu SNKPHeng
-- 3925
650 07 - PRIDANÝ VSTUP – PREDMET – TEMATICKÉ HESLO
Tematické heslo alebo geografický názov ako vstupný prvok Human experimentation in medicine
Zdroj hesla alebo termínu SNKPHeng
-- 3926
650 07 - PRIDANÝ VSTUP – PREDMET – TEMATICKÉ HESLO
Tematické heslo alebo geografický názov ako vstupný prvok Crimes of nazism
Zdroj hesla alebo termínu SNKPHeng
-- 2559
650 07 - PRIDANÝ VSTUP – PREDMET – TEMATICKÉ HESLO
Tematické heslo alebo geografický názov ako vstupný prvok Crimes against humanity
Zdroj hesla alebo termínu SNKPHeng
-- 3927
650 07 - PRIDANÝ VSTUP – PREDMET – TEMATICKÉ HESLO
Tematické heslo alebo geografický názov ako vstupný prvok War crimes prosecution
Zdroj hesla alebo termínu SNKPHeng
-- 3928
651 #7 - PRIDANÝ VSTUP – PREDMET – GEOGRAFICKÝ NÁZOV
Geografický názov Poľsko
Zdroj hesla alebo termínu SNKPHgeo
-- 1754
651 #7 - PRIDANÝ VSTUP – PREDMET – GEOGRAFICKÝ NÁZOV
Geografický názov Nemecko
Zdroj hesla alebo termínu SNKPHgeo
-- 3575
651 #7 - PRIDANÝ VSTUP – PREDMET – GEOGRAFICKÝ NÁZOV
Geografický názov Južná Amerika
Zdroj hesla alebo termínu SNKPHgeo
-- 3929
651 #7 - PRIDANÝ VSTUP – PREDMET – GEOGRAFICKÝ NÁZOV
Geografický názov Poland
Zdroj hesla alebo termínu SNKPHeng
-- 1755
651 #7 - PRIDANÝ VSTUP – PREDMET – GEOGRAFICKÝ NÁZOV
Geografický názov Germany
Zdroj hesla alebo termínu SNKPHeng
-- 3576
651 #7 - PRIDANÝ VSTUP – PREDMET – GEOGRAFICKÝ NÁZOV
Geografický názov South America
Zdroj hesla alebo termínu SNKPHeng
-- 3930
655 #7 - INDEXAČNÝ TERMÍN – ŽÁNER/FORMA
Údaje o žánri/forme alebo termín, ktorý je prvok fazety biografie
Zdroj termínu SNKPH
-- 1756
655 #7 - INDEXAČNÝ TERMÍN – ŽÁNER/FORMA
Údaje o žánri/forme alebo termín, ktorý je prvok fazety Biography
Zdroj termínu SNKPHeng
-- 1759
700 1# - PRIDANÝ VSTUP – OSOBNÉ MENO
Osobné meno Budjačová, Eva
Kód roly trl
-- 3712
958 ## - Formálny deskriptor
Formálny deskriptor NB
958 ## - Formálny deskriptor
Formálny deskriptor OP
958 ## - Formálny deskriptor
Formálny deskriptor BC
Holdings
Stav stiahnutia (Blokovanie) (Withrawn status) Stav straty Zdroj klasifikácie pre skladovanie Stav poškodenia (Damaged status) Nie pre výpožičky (Not for loan) Spôsob nadobudnutia (Collection code) Trvalé umiestnenie Aktuálne umiestnenie Dátum nadobudnutia Náklady, bežná kúpna cena Inventárne číslo (prírastkové číslo) Celkom výpožičky Full call number Čiarový kód Dátum posledného výskytu Dátum poslednej výpôžičky Cena s účinnosťou od Typ jednotky Koha
          Kúpa Mestská knižnica Giraltovce Mestská knižnica Giraltovce 2024-07-10 3.90 21909 1 B10650 B10650 2024-08-28 2024-08-21 2024-07-10 Krásna literatúra pre dospelých

Powered by Koha